General Knowledge Grab Bag IV Quiz Stats

 Plays Quiz Updated Oct 30, 2015

Score 0/55 Timer 10:00
15 Plays Today
Hint Answer % Correct
4 Prime Numbers Under TenThree
97.8%
4 Prime Numbers Under TenTwo
97.7%
4 Prime Numbers Under TenFive
97.6%
4 Prime Numbers Under TenSeven
97.5%
7 Colors of the RainbowRed
97%
7 Colors of the RainbowBlue
96.9%
7 Colors of the RainbowYellow
96.9%
7 Colors of the RainbowGreen
96.5%
7 Colors of the RainbowViolet
96.1%
7 Colors of the RainbowOrange
95.8%
5 Original Members of The Jackson 5Michael
95%
1 US State That Begins With 'H'Hawaii
91.6%
3 Members of the Christian Holy TrinityHoly Spirit
90.1%
3 Members of the Christian Holy TrinityFather
89.5%
3 Members of the Christian Holy TrinitySon
89.4%
8 Playable Characters in Super Mario KartMario
87.4%
9 Poker HandsFlush
86.3%
7 Colors of the RainbowIndigo
84.1%
9 Poker HandsStraight Flush
84%
10 Countries That Border BrazilArgentina
83.7%
8 Playable Characters in Super Mario KartLuigi
83.4%
9 Poker HandsFull House
80.9%
9 Poker HandsStraight
79%
10 Countries That Border BrazilPeru
75%
9 Poker HandsThree of a Kind
73.8%
9 Poker HandsOne Pair
73.6%
9 Poker HandsTwo Pair
73.1%
10 Countries That Border BrazilParaguay
71.5%
Hint Answer % Correct
10 Countries That Border BrazilUruguay
70.7%
8 Playable Characters in Super Mario KartPrincess Peach
68.2%
10 Countries That Border BrazilColombia
67.2%
9 Poker HandsFour of a Kind
67%
10 Countries That Border BrazilVenezuela
64.6%
2 Weasley TwinsGeorge
63.4%
10 Countries That Border BrazilBolivia
62.9%
6 US Presidents Named JamesJames Madison
62.3%
2 Weasley TwinsFred
61.8%
5 Original Members of The Jackson 5Tito
60.2%
8 Playable Characters in Super Mario KartBowser
54.9%
8 Playable Characters in Super Mario KartYoshi
54%
8 Playable Characters in Super Mario KartToad
52.4%
6 US Presidents Named JamesJames Monroe
52.2%
5 Original Members of The Jackson 5Jermaine
52.2%
9 Poker HandsHigh Card
51.1%
10 Countries That Border BrazilGuyana
50.1%
10 Countries That Border BrazilSuriname
49.4%
6 US Presidents Named JamesJimmy Carter
49.1%
6 US Presidents Named JamesJames A. Garfield
47.1%
6 US Presidents Named JamesJames K. Polk
44.5%
8 Playable Characters in Super Mario KartDonkey Kong Jr.
43%
6 US Presidents Named JamesJames Buchanan
42.3%
10 Countries That Border BrazilFrance (French Guiana)
30.4%
8 Playable Characters in Super Mario KartKoopa Troopa
24.9%
5 Original Members of The Jackson 5Marlon
21.4%
5 Original Members of The Jackson 5Jackie
19.4%

You're not logged in!

Compare scores with friends on all Sporcle quizzes.
OR
Log In

Sporcle TV

Today on Sporcle TV


Watch our educational content, quiz creation guides, and fun videos on Sporcle TV.

Show Comments

Extras

Top Quizzes Today


Score Distribution

Your Account Isn't Verified!

In order to create a playlist on Sporcle, you need to verify the email address you used during registration. Go to your Sporcle Settings to finish the process.

Report this User

Report this user for behavior that violates our Community Guidelines.

Details: